000 02101nam a2200337 4500
003 EC-QuCCB
005 20260330121747.0
007 ta
008 260330s1993 |||a|||gr|||| 001 0 spa d
020 _a9978-99-068-2
040 _aEC-QuCCB
041 _aspa
041 _aque
082 _a398.6
_bK649
100 1 _aKleymeyer, Carlos David,
_927486
245 1 1 _a¡Imashi! ¡imashi! :
_badivinanzas poéticas de los campesinos del mundo andino Ecuador, Perú y Bolivia
_cCompilado por Carlos David Kleymeyer
250 _aSegunda edición
260 _aQuito, Ecuador :
_bAbya Yala,
_c1993
300 _a215 páginas :
_bilustraciones ;
_c22 cm
336 _atexto
_btxt
337 _ano mediado
_bn
338 _avolumen
_bnc
505 _aGran Cosmos -- Pequeño Cosmos (Terrestre) -- Animales Silvestres -- Pájaros del Campo -- Arboles -- Flores -- Frutos de la Tierra, Silvestres y Otras Plantas Útiles -- Frutos de la Tierra, Cultivados -- Herramientas de Labranza, Campo -- Casa -- Animales de Corral -- Herramientas de Labranza, Casa -- Útiles de Cocina -- Comida -- Cuerpo Humano -- Ropa y Prendas -- Plagas -- Mundo Moderno -- Música y Sonido.
520 _aLas adivinanzas de la presente publicación contienen el panorama andino, desde la luna hasta el colibrí y desde la mazorca de maíz hasta la campana de capilla. Es más, al leer estos centenares de adivinanzas uno encuentra revelada la cosmovisión indígena y así descubre el corazón del mundo andino. uno ve, oye, palpa, huele y saborea lo que es para millones de campesinos, la región andina, su tierra natal desde la antigüedad. Esta segunda edición de iImashi! ¡imashi! cubre una región geográfica más amplia, pues incluye las adivinanzas andinas de ecuador, Perú y ahora Bolivia. estas son cortos poemas metafóricos, que expresan con sutileza el espíritu de las culturas andinas.
590 _abgg
650 4 _aAdivinanzas
_910854
650 4 _aFolclore
_zAmérica del Sur
_912880
650 4 _aLiteratura folclórica
_913889
942 _2ddc
_cBK
999 _c83769
_d83769